000 00757nam a22002057a 4500
999 _c11632
_d11632
003 AR-CdUCM
008 190404b ||||| |||| 00| 0 spa d
040 _aMUNICIPALIDAD PROVINCIAL DEL CUSCO
_cBIBLIOTECA MUNICIPAL DEL CUSCO
082 _a684 /
_bH64 / 1927
100 _aHodgson, Fredeerick Thomas
_929091
245 _aManual de carpintería moderna /
260 _aBarcelona :
_bFeliu y susana,
_c1927.
300 _a466 páginas ;
_c21 cm.
505 _aContenido : Geometría del carpintero -- Ejemplos prácticos -- Trabajos de ajuste -- Cuadros e indicaciones útiles para los constructores ...
650 _aMedidas
_927424
650 _aGeometría
_918656
650 _aCarpintería
_920167
942 _2ddc
_cLIBROS
945 _arah
_d04/04/2019